Les illusions du 11 septembre : (Record no. 323)
[ view plain ]
| 000 -LEADER | |
|---|---|
| campo de control de longitud fija | 01523cam a22003614a 4500 |
| 001 - NÚMERO DE CONTROL | |
| campo de control | 13038840 |
| 005 - FECHA Y HORA DE LA ÚLTIMA TRANSACCIÓN | |
| campo de control | 20220326193303.0 |
| 008 - DATOS DE LONGITUD FIJA--INFORMACIÓN GENERAL | |
| campo de control de longitud fija | 021118s2002 fr b 000 0 fre |
| 010 ## - NÚMERO DE CONTROL DE LA BIBLIOTECA DEL CONGRESO | |
| Número de control de LC | 2003422880 |
| 020 ## - NÚMERO INTERNACIONAL ESTÁNDAR DEL LIBRO | |
| Número Internacional Estándar del Libro | 2020558157 |
| 035 ## - NÚMERO DE CONTROL DEL SISTEMA | |
| Número de control de sistema | (FrPJT)JTL00102797 |
| 040 ## - FUENTE DE CATALOGACIÓN | |
| Centro catalogador/agencia de origen | DLC |
| Centro/agencia transcriptor | DLC |
| Centro/agencia modificador | DLC |
| 042 ## - CÓDIGO DE AUTENTICACIÓN | |
| Código de autenticación | pcc |
| 043 ## - CÓDIGO DE ÁREA GEOGRÁFICA | |
| Código de área geográfica | n-us--- |
| -- | aw----- |
| 082 00 - NÚMERO DE LA CLASIFICACIÓN DECIMAL DEWEY | |
| Número de clasificación | 973.931 |
| Número de ítem | R888i |
| 100 1# - ENTRADA PRINCIPAL--NOMBRE DE PERSONA | |
| Nombre de persona | Roy, Olivier, |
| Fechas asociadas al nombre | 1949- |
| 9 (RLIN) | 1530 |
| 245 14 - MENCIÓN DEL TÍTULO | |
| Título | Les illusions du 11 septembre : |
| Resto del título | le débat stratégique face au terrorisme / |
| Mención de responsabilidad, etc. | Olivier Roy. |
| 260 ## - PUBLICACIÓN, DISTRIBUCIÓN, ETC. | |
| Lugar de publicación, distribución, etc. | Paris : |
| Nombre del editor, distribuidor, etc. | Seuil, |
| Fecha de publicación, distribución, etc. | c2002. |
| 300 ## - DESCRIPCIÓN FÍSICA | |
| Extensión | 86 p. ; |
| Dimensiones | 21 cm. |
| 440 #3 - MENCIÓN DE SERIE/PUNTO DE ACCESO ADICIONAL--TÍTULO | |
| Título | La république des idées |
| 9 (RLIN) | 1531 |
| 504 ## - NOTA DE BIBLIOGRAFÍA, ETC. | |
| Nota de bibliografía, etc. | Includes bibliographical references. |
| 505 ## - NOTA DE CONTENIDO CON FORMATO | |
| Título | Les illusions du 11 septembre :le débat stratégique face au terrorisme |
| Mención de responsabilidad | Roy, Olivier |
| Título | La Guerre contre el terrorisme |
| -- | La campanagne d`afghanistan |
| -- | les états-Unis et le Moyen Orient |
| -- | les états-Unis face à lìslam et l`islamisme |
| 650 #0 - PUNTO DE ACCESO ADICIONAL DE MATERIA--TÉRMINO DE MATERIA | |
| Término de materia o nombre geográfico como elemento de entrada | Terrorism |
| Subdivisión general | Prevention. |
| 9 (RLIN) | 1532 |
| 650 #0 - PUNTO DE ACCESO ADICIONAL DE MATERIA--TÉRMINO DE MATERIA | |
| Término de materia o nombre geográfico como elemento de entrada | September 11 Terrorist Attacks, 2001. |
| 9 (RLIN) | 1533 |
| 650 #0 - PUNTO DE ACCESO ADICIONAL DE MATERIA--TÉRMINO DE MATERIA | |
| Término de materia o nombre geográfico como elemento de entrada | War on Terrorism, 2001-2009. |
| 9 (RLIN) | 1534 |
| 650 #0 - PUNTO DE ACCESO ADICIONAL DE MATERIA--TÉRMINO DE MATERIA | |
| Término de materia o nombre geográfico como elemento de entrada | Islamic fundamentalism. |
| 9 (RLIN) | 1535 |
| 651 #0 - PUNTO DE ACCESO ADICIONAL DE MATERIA--NOMBRE GEOGRÁFICO | |
| Nombre geográfico | United States |
| Subdivisión general | Relations |
| Subdivisión geográfica | Middle East. |
| 9 (RLIN) | 1536 |
| 651 #0 - PUNTO DE ACCESO ADICIONAL DE MATERIA--NOMBRE GEOGRÁFICO | |
| Nombre geográfico | Middle East |
| Subdivisión general | Relations |
| Subdivisión geográfica | United States. |
| 9 (RLIN) | 1537 |
| 651 #0 - PUNTO DE ACCESO ADICIONAL DE MATERIA--NOMBRE GEOGRÁFICO | |
| Nombre geográfico | United States |
| Subdivisión general | Foreign relations |
| Subdivisión cronológica | 2001-2009 |
| Subdivisión general | Philosophy. |
| 9 (RLIN) | 1538 |
| 700 ## - ENTRADA AGREGADA--NOMBRE PERSONAL | |
| Nombre de persona | Roy, Olivier |
| 9 (RLIN) | 1539 |
| 906 ## - ELEMENTOS DE DATOS F LOCAL, LDF (RLIN) | |
| a | 7 |
| b | cbc |
| c | origres |
| d | 3 |
| e | ncip |
| f | 20 |
| g | y-gencatlg |
| Estatus retirado | Estado de pérdida | Fuente del sistema de clasificación o colocación | Estado de daño | No para préstamo | Biblioteca de origen | Biblioteca actual | Ubicación en estantería | Fecha de adquisición | Total de préstamos | Signatura topográfica completa | Código de barras | Visto por última vez | Precio de reemplazo | Tipo de ítem Koha |
|---|---|---|---|---|---|---|---|---|---|---|---|---|---|---|
| Clasificación Decimal Dewey | Biblioteca LadoV | Biblioteca LadoV | 31/10/2014 | 973.931 R888i | 000456 | 31/10/2014 | 31/10/2014 | Material 01 |
